Evangelical ethics : (Record no. 10075)

MARC details
000 -LEADER
fixed length control field 01119cam a2200289 a 4500
001 - CONTROL NUMBER
control field 12663924
003 - CONTROL NUMBER IDENTIFIER
control field OCoLC
005 - DATE AND TIME OF LATEST TRANSACTION
control field 20241126110724.0
008 - FIXED-LENGTH DATA ELEMENTS--GENERAL INFORMATION
fixed length control field 850918s1985 nju b 000 0 eng
010 ## -
-- 85024402
020 ## - INTERNATIONAL STANDARD BOOK NUMBER
International Standard Book Number 087552222X
020 ## - INTERNATIONAL STANDARD BOOK NUMBER
International Standard Book Number 9780875522227
035 ## - SYSTEM CONTROL NUMBER
System control number (OCoLC)12663924
040 ## - CATALOGING SOURCE
Original cataloging agency DLC
Language of cataloging eng
Transcribing agency DLC
Modifying agency PGC
-- BTCTA
-- YDXCP
-- OCLCO
-- MZN
050 00 -
-- BJ1251
-- .D28 1985
082 ## - DEWEY DECIMAL CLASSIFICATION NUMBER
Classification number 241.0404
Item number DAV
090 ## - LOCALLY ASSIGNED LC-TYPE CALL NUMBER (OCLC); LOCAL CALL NUMBER (RLIN)
Classification number (OCLC) (R) ; Classification number, CALL (RLIN) (NR) BJ1251
Local cutter number (OCLC) ; Book number/undivided call number, CALL (RLIN) .D28 1985
100 1# - MAIN ENTRY--PERSONAL NAME
Personal name Davis, John Jefferson
9 (RLIN) 17487
245 10 - TITLE STATEMENT
Title Evangelical ethics :
Remainder of title issues facing the church today /
Statement of responsibility, etc. John Jefferson Davis
260 ## - PUBLICATION, DISTRIBUTION, ETC.
Place of publication, distribution, etc. Phillipsburg, N.J. :
Name of publisher, distributor, etc. Presbyterian and Reformed Pub. Co.,
Date of publication, distribution, etc. c1985
300 ## - PHYSICAL DESCRIPTION
Extent 299 p. ;
Dimensions 23 cm
504 ## - BIBLIOGRAPHY, ETC. NOTE
Bibliography, etc. note Bibliography: p. 255-299
505 0# - FORMATTED CONTENTS NOTE
Formatted contents note Dimensions of decision making -- Contraception -- Reproductive technologies -- Divorce and remarriage -- Homosexuality -- Abortion -- Infanticide and euthanasia -- Capital punishment -- Civil disobedience and revolution -- War and peace
650 #0 - SUBJECT ADDED ENTRY--TOPICAL TERM
Topical term or geographic name entry element Christian ethics
General subdivision Presbyterian authors
9 (RLIN) 14207
650 #0 - SUBJECT ADDED ENTRY--TOPICAL TERM
Topical term or geographic name entry element Evangelicalism
9 (RLIN) 178
942 ## - ADDED ENTRY ELEMENTS (KOHA)
Source of classification or shelving scheme Dewey Decimal Classification
Koha item type Books
Koha issues (borrowed), all copies 4
Holdings
Withdrawn status Lost status Source of classification or shelving scheme Damaged status Not for loan Home library Current Library Shelving location Date acquired Total checkouts Total renewals Full call number Barcode Date last seen Date last checked out Copy number Price effective from Koha item type
    Dewey Decimal Classification     GRACE BIBLE COLLEGE GRACE BIBLE COLLEGE Theology 2024-02-29 7 2 241.0404 DAV 016536 2025-10-03 2025-09-29 c.1 2024-02-29 Books
© Grace Bible College Library 2025